书目信息 |
| 题名: |
第二性
|
|
| 作者: | 波伏瓦 著 ;郑克鲁 译 | |
| 分册: | Ⅱ 实际体验 | |
| 出版信息: | 上海 上海译文出版社 2011.09 |
|
| 页数: | 614页 | |
| 开本: | 22cm | |
| 丛书名: | ||
| 单 册: | ||
| 中图分类: | C913.68 | |
| 科图分类: | ||
| 主题词: | 妇女--fu nv--问题--研究 | |
| 电子资源: | ||
| ISBN: | 978-7-5327-4967-6 | |
| 000 | 01093nam0 2200265 450 | |
| 001 | 0109110034 | |
| 005 | 20201109162650.06 | |
| 010 | @a978-7-5327-4967-6@dCNY49.00 | |
| 100 | @a20111224e20182011em y0chiy50 ea | |
| 101 | 1 | @achi@cfre |
| 102 | @aCN@b310000 | |
| 105 | @ay z 000yy | |
| 106 | @ar | |
| 200 | 1 | @a第二性@Adi er xing@hⅡ@i实际体验@dLe deuxieme sexe@hⅡ@ilexperience vecue@f(法)西蒙娜·德·波伏瓦(Simone de Beauvoir)著@g郑克鲁译@zfre |
| 210 | @a上海@c上海译文出版社@d2011.09@h2018.03 | |
| 215 | @a614页@d22cm | |
| 300 | @a西蒙娜·德·波伏瓦作品系列 | |
| 330 | @a《第二性》分为I、II两卷。II从存在主义的哲学理论出发,研究女人在出生、青春期、恋爱、结婚、生育到衰老各个阶段,以及在农妇、女工、妓女、明星或知识分子等各个阶层中的真实处境,探讨女性独立可能的出路。 | |
| 510 | 1 | @aDeuxieme sexe@hⅡ@ilexperience vecue@zfre |
| 606 | 0 | @a妇女@Afu nv@x问题@x研究 |
| 690 | @aC913.68@v5 | |
| 701 | 0 | @c(法)@a波伏瓦@Abo fu wa@c(女, Beauvoir, Simone de@f1908-1986)@4著 |
| 702 | 0 | @a郑克鲁@Azheng ke lu@4译 |
| 801 | 0 | @aCN@bBJSZM@c20201103 |
| 905 | @b1264621-5@dC913.68@e1751:2@f5 | |
| 第二性.Ⅱ.实际体验=Le deuxieme sexe.Ⅱ.lexperience vecue/(法)西蒙娜·德·波伏瓦(Simone de Beauvoir)著/郑克鲁译.-上海:上海译文出版社,2011.09(2018.03) |
| 614页;22cm |
| 西蒙娜·德·波伏瓦作品系列 |
| ISBN 978-7-5327-4967-6:CNY49.00 |
| 《第二性》分为I、II两卷。II从存在主义的哲学理论出发,研究女人在出生、青春期、恋爱、结婚、生育到衰老各个阶段,以及在农妇、女工、妓女、明星或知识分子等各个阶层中的真实处境,探讨女性独立可能的出路。 |
| ● |
| 相关链接 |
|
|
|
|
正题名:第二性
索取号:C913.68/1751:2
 
预约/预借
| 序号 | 登录号 | 条形码 | 馆藏地/架位号 | 状态 | 备注 |
| 1 | 1264621 | 212646216 | 第一样本阅览室/ [索取号:C913.68/1751:2] | 在馆 | |
| 2 | 1264622 | 212646225 | 教育系资料室/ [索取号:C913.68/1751:2] | 在馆 | |
| 3 | 1264623 | 212646234 | 教育系资料室/ [索取号:C913.68/1751:2] |
已借出,限还日期为2025.12.18 借出人:孙运卓 |
|
| 4 | 1264624 | 212646243 | 第一借阅区/ [索取号:C913.68/1751:2] |
已借出,限还日期为2026.06.17 借出人:张迪 |
|
| 5 | 1264625 | 212646252 | 第一借阅区/ [索取号:C913.68/1751:2] |
已借出,限还日期为2026.06.17 借出人:徐靖 |